Welcome to CU Library Online Public Access Catalogue (OPAC)

International human resource development : (Record no. 9175)

MARC details
000 -LEADER
fixed length control field 00879cam a2200229 a 4500
001 - CONTROL NUMBER
control field 17293056
005 - DATE AND TIME OF LATEST TRANSACTION
control field 20260325201614.0
008 - FIXED-LENGTH DATA ELEMENTS--GENERAL INFORMATION
fixed length control field 120510s2012 enk b 001 0 eng
020 ## - INTERNATIONAL STANDARD BOOK NUMBER
International Standard Book Number 9780749461065
Qualifying information pbk.
020 ## - INTERNATIONAL STANDARD BOOK NUMBER
International Standard Book Number 9780749461072
Qualifying information pbk.
050 00 - LIBRARY OF CONGRESS CALL NUMBER
Classification number HF5549
Item number .H7837 2012
082 00 - DEWEY DECIMAL CLASSIFICATION NUMBER
Classification number 658.3/124
Edition information 23
245 00 - TITLE STATEMENT
Title International human resource development :
Remainder of title learning, education and training for individuals and organizations /
Statement of responsibility, etc. [edited by] John P Wilson.
250 ## - EDITION STATEMENT
Edition statement 3rd ed.
260 ## - PUBLICATION, DISTRIBUTION, ETC.
Place of publication, distribution, etc. London ;
-- Philadelphia :
Name of publisher, distributor, etc. Kogan Page,
Date of publication, distribution, etc. c2012.
300 ## - PHYSICAL DESCRIPTION
Extent xxix, 502 p. ;
Dimensions 24 cm.
500 ## - GENERAL NOTE
General note Rev. ed. of: Human resource development. 2nd ed. 2005.
650 #0 - SUBJECT ADDED ENTRY--TOPICAL TERM
Topical term or geographic name entry element Personnel management.
700 1# - ADDED ENTRY--PERSONAL NAME
Personal name Wilson, John P.
Fuller form of name (John Peter),
Dates associated with a name 1955 August 11-
700 1# - ADDED ENTRY--PERSONAL NAME
Personal name Wilson, John P.
Fuller form of name (John Peter),
Dates associated with a name 1955 August 11-
Title of a work Human resource development.
942 ## - ADDED ENTRY ELEMENTS (KOHA)
Source of classification or shelving scheme Library of Congress Classification
Koha item type Books
Edition 3rd ed.
Suppress in OPAC No
999 ## -
-- 9175
-- 9175
Holdings
Withdrawn status Lost status Source of classification or shelving scheme Damaged status Not for loan Collection Home library Current library Shelving location Date acquired Total checkouts Full call number Barcode Date last seen Copy number Price effective from Koha item type
    Library of Congress Classification     Non-fiction Business Library (Miotso) Business Library (Miotso) General stacks 03/25/2026   HF5549 .H7837 2012 BSSM00003050 03/25/2026 1 03/25/2026 Books
© 2023-2024 Copyright: Central University Libraries. All Rights Reserved | Created by: Mahone Tech Office